|
|
|
|
| LEADER |
00000nas a2200000 a 4500 |
| 001 |
ssj0041826 |
| 003 |
WaSeSS |
| 005 |
20200512172242.0 |
| 006 |
m d |
| 007 |
cr n |
| 008 |
851203c19849999ii fr p s 0 a0eng |
| 010 |
|
|
|a sn 86031173
|
| 016 |
7 |
|
|a 8510441
|2 DNLM
|
| 016 |
7 |
|
|a SR0054542
|2 DNLM
|
| 022 |
|
|
|a 1998-3824
|l 0970-1591
|y 0970-1591
|
| 035 |
|
|
|a (WaSeSS)ssj0041826
|
| 040 |
|
|
|a NLM
|b eng
|c NLM
|d NSD
|d OCLCQ
|d NLM
|d CDS
|d OCLCQ
|d OCLCO
|d OCLCF
|d OCLCO
|d EUW
|d OCLCO
|d OCLCQ
|d OCLCO
|d CUS
|d OCLCQ
|d OCLCO
|d WaSeSS
|
| 042 |
|
|
|a pcc
|a nsdp
|
| 050 |
|
4 |
|a RC870
|b .I53
|
| 060 |
0 |
0 |
|a W1
|b IN239T
|
| 210 |
0 |
|
|a Indian j. urol.
|
| 222 |
|
0 |
|a Indian journal of urology
|
| 245 |
0 |
0 |
|a Indian journal of urology
|h [electronic resource] :
|b IJU : journal of the Urological Society of India.
|
| 246 |
3 |
0 |
|a IJU
|
| 260 |
|
|
|a Hyderabad, A.P. :
|b Urological Society of India,
|c [1984]-
|
| 310 |
|
|
|a Quarterly,
|b <2006->
|
| 321 |
|
|
|a Two no. a year
|
| 362 |
0 |
|
|a Vol. 1, no. 1 (Sept. 1984)-
|
| 500 |
|
|
|a Title from cover.
|
| 500 |
|
|
|a Vols. for <2006-> published: Mumbai : Medknow Publications.
|
| 506 |
|
|
|a License restrictions may limit access.
|
| 515 |
|
|
|a Issue for Sept. 1984 called also "Inaugural number."
|
| 650 |
|
0 |
|a Urology
|v Periodicals.
|
| 650 |
|
0 |
|a Genitourinary organs
|x Diseases
|v Periodicals.
|
| 650 |
|
2 |
|a Urology.
|
| 650 |
|
7 |
|a Genitourinary organs
|x Diseases.
|2 fast
|0 (OCoLC)fst00940170
|
| 650 |
|
7 |
|a Urology.
|2 fast
|0 (OCoLC)fst01163033
|
| 655 |
|
0 |
|a Electronic journals.
|
| 710 |
2 |
|
|a Urological Society of India.
|
| 850 |
|
|
|a DNLM
|
| 856 |
4 |
0 |
|z Full text available from Research Library: 01/01/2008 to present
|u https://search.proquest.com/publication/226502
|